<?xml version="1.0" encoding="UTF-8"?>
<record
    xmlns:xsi="http://www.w3.org/2001/XMLSchema-instance"
    xsi:schemaLocation="http://www.loc.gov/MARC21/slim http://www.loc.gov/standards/marcxml/schema/MARC21slim.xsd"
    xmlns="http://www.loc.gov/MARC21/slim">

  <leader>00704nam a22001697a 4500</leader>
  <datafield tag="010" ind1=" " ind2=" ">
    <subfield code="a">HIN-128766</subfield>
  </datafield>
  <datafield tag="020" ind1=" " ind2=" ">
    <subfield code="c">350.00</subfield>
    <subfield code="a">9788188363780</subfield>
  </datafield>
  <datafield tag="035" ind1=" " ind2=" ">
    <subfield code="a">HN-101112</subfield>
  </datafield>
  <datafield tag="037" ind1=" " ind2=" ">
    <subfield code="a">DBAD</subfield>
  </datafield>
  <datafield tag="082" ind1=" " ind2=" ">
    <subfield code="a">921</subfield>
  </datafield>
  <datafield tag="100" ind1=" " ind2=" ">
    <subfield code="a">&#x92D;&#x91F;&#x94D;&#x91F;, &#x930;&#x93E;&#x917;&#x93F;&#x928;&#x940;</subfield>
    <subfield code="9">74824</subfield>
  </datafield>
  <datafield tag="245" ind1=" " ind2=" ">
    <subfield code="a">&#x906;&#x91C;&#x93E;&#x926;&#x940; &#x915;&#x947; &#x92D;&#x942;&#x932;&#x947; - &#x92C;&#x93F;&#x938;&#x930;&#x947; &#x915;&#x94D;&#x930;&#x93E;&#x902;&#x924;&#x93F;&#x915;&#x93E;&#x930;&#x940;/</subfield>
    <subfield code="c">&#x930;&#x93E;&#x917;&#x93F;&#x928;&#x940; &#x92D;&#x91F;&#x94D;&#x91F;</subfield>
  </datafield>
  <datafield tag="260" ind1=" " ind2=" ">
    <subfield code="b">&#x939;&#x93F;&#x92E;&#x93E;&#x928;&#x940; &#x92A;&#x941;&#x938;&#x94D;&#x924;&#x915; &#x92D;&#x923;&#x94D;&#x921;&#x93E;&#x930;</subfield>
    <subfield code="c">2021</subfield>
    <subfield code="a">&#x930;&#x94B;&#x939;&#x924;&#x915;</subfield>
  </datafield>
  <datafield tag="270" ind1=" " ind2=" ">
    <subfield code="b">&#x930;&#x94B;&#x939;&#x924;&#x915;</subfield>
    <subfield code="a">950/25, &#x91A;&#x93F;&#x928;&#x94D;&#x92F;&#x94B;&#x91F; &#x915;&#x93E;&#x932;&#x94B;&#x928;&#x940;</subfield>
    <subfield code="e">124001</subfield>
  </datafield>
  <datafield tag="300" ind1=" " ind2=" ">
    <subfield code="a">192&#x92A;&#x943;.</subfield>
    <subfield code="c">22&#x938;&#x947;&#x92E;&#x940;. (&#x938;&#x91C;&#x93F;&#x932;&#x94D;&#x926;)</subfield>
  </datafield>
  <datafield tag="942" ind1=" " ind2=" ">
    <subfield code="2">ddc</subfield>
    <subfield code="c">HN</subfield>
    <subfield code="h">921</subfield>
    <subfield code="m">&#x92D;&#x91F;&#x94D;&#x91F;&#x930;&#x93E;</subfield>
  </datafield>
  <datafield tag="999" ind1=" " ind2=" ">
    <subfield code="c">206950</subfield>
    <subfield code="d">206950</subfield>
  </datafield>
  <datafield tag="952" ind1=" " ind2=" ">
    <subfield code="0">0</subfield>
    <subfield code="1">0</subfield>
    <subfield code="4">0</subfield>
    <subfield code="7">0</subfield>
    <subfield code="8">NFIC</subfield>
    <subfield code="a">VP</subfield>
    <subfield code="b">VP</subfield>
    <subfield code="d">2024-11-12</subfield>
    <subfield code="e">DBAD</subfield>
    <subfield code="g">350.00</subfield>
    <subfield code="l">0</subfield>
    <subfield code="o">921 &#x92D;&#x91F;&#x94D;&#x91F;&#x930;&#x93E;</subfield>
    <subfield code="p">HN-101112</subfield>
    <subfield code="r">2024-11-12 00:00:00</subfield>
    <subfield code="t">1</subfield>
    <subfield code="v">350.00</subfield>
    <subfield code="w">2024-11-12</subfield>
    <subfield code="y">HN</subfield>
  </datafield>
</record>
